| 000 | 00363nam a2200157Ia 4500 | ||
|---|---|---|---|
| 003 | OSt | ||
| 005 | 20240322152800.0 | ||
| 008 | 170523s9999 xx 000 0 und d | ||
| 020 | _a978-0874257373 | ||
| 040 | _cIIMT UNIVERSITY, MEERUT | ||
| 100 | _aDOANE | ||
| 245 | 0 | _a50 ACTIVITIES FOR EXCELLENT COST | |
| 260 |
_bPHI _c2004 |
||
| 300 | _a257 | ||
| 942 |
_2ddc _c02 |
||
| 999 |
_c1881 _d1881 |
||